[Event "26. Copenhagen Open  (Politiken Cup)"]
[Site "Taastrup"]
[Date "2004.07.26"]
[Round "4"]
[White "Engelbert, Christoph"]
[Black "Skovgaard, Tom"]
[Result "1-0"]
[WhiteElo "2213"]
[BlackElo "2079"]
[PlyCount "61"]
[EventDate "2004.07.24"]
[EventType "swiss"]
[EventRounds "10"]
[EventCountry "DEN"]
[SourceDate "2004.01.01"]

1. e4 Nf6 2. e5 Nd5 3. d4 d6 4. c4 Nb6 5. exd6 cxd6 6. Nc3 g6 7. Be3 Bg7 8. Rc1
O-O 9. b3 Nc6 10. d5 Ne5 11. Be2 f5 12. Nf3 Nxf3+ 13. Bxf3 f4 14. Bd4 Nd7 15.
O-O Bxd4 16. Qxd4 Ne5 17. Rfe1 Nxf3+ 18. gxf3 Bh3 19. Ne4 Rf5 20. Kh1 Qf8 21.
c5 dxc5 22. Nxc5 Rg5 23. Ne6 Bxe6 24. Rxe6 Rd8 25. Rce1 Rdxd5 26. Qxa7 Rd7 27.
Qa4 b5 28. Qe4 Qc8 29. Rxe7 Rxe7 30. Qxe7 Qf5 31. Rd1 1-0

[Event "26. Copenhagen Open  (Politiken Cup)"]
[Site "Taastrup"]
[Date "2004.07.26"]
[Round "4"]
[White "Erikstad, Olav"]
[Black "Werner, Gert"]
[Result "0-1"]
[WhiteElo "1503"]
[BlackElo "2085"]
[PlyCount "132"]
[EventDate "2004.07.24"]
[EventType "swiss"]
[EventRounds "10"]
[EventCountry "DEN"]
[SourceDate "2004.01.01"]

1. e4 g6 2. Nc3 Bg7 3. Nge2 c5 4. g3 Nc6 5. d3 d6 6. Bg2 e5 7. Be3 Nge7 8. Qd2
Nd4 9. h3 Rb8 10. Nd1 Nxe2 11. Qxe2 O-O 12. O-O f5 13. Nc3 f4 14. Bd2 f3 15.
Bxf3 Bxh3 16. Bg2 Qd7 17. Kh2 Be6 18. Rh1 Nc6 19. Be3 Nd4 20. Bxd4 cxd4 21. Nd5
Rf7 22. Rhf1 Rbf8 23. Qd2 h5 24. Qg5 Kh7 25. Qd2 Bh6 26. Qe2 Bg5 27. a4 h4 28.
gxh4 Bxh4 29. f3 Kg7 30. Rh1 Qd8 31. Kg1 Qg5 32. Rd1 Qg3 33. Rf1 g5 34. f4 Bg4
35. Qd2 gxf4 36. Qf2 Qxf2+ 37. Rxf2 Bxf2+ 38. Kxf2 Rh8 39. Rf1 Bh3 40. Bxh3
Rxh3 41. Rg1+ Kh6 42. Rg8 Rh2+ 43. Kf3 Rxc2 44. Rd8 Rg7 45. Rh8+ Kg6 46. Re8
Rxb2 47. Re6+ Kf7 48. Nxf4 exf4 49. Rxd6 Rb4 50. Kxf4 Ke7 51. e5 Rxa4 52. Ke4
Rg4+ 53. Kf5 Rh4 54. Rg6 Rh7 55. Re6+ Kd7 56. Rd6+ Kc7 57. Ke6 Ra5 58. Kf6 Rxe5
59. Rxd4 Rc5 60. Kg6 Rd7 61. Ra4 Rd6+ 62. Kg7 Kb8 63. Kf7 Rc7+ 64. Ke8 Kc8 65.
Rd4 Rxd4 66. Kf8 Rd8# 0-1

[Event "26. Copenhagen Open  (Politiken Cup)"]
[Site "Taastrup"]
[Date "2004.07.26"]
[Round "4"]
[White "Fant, Goran"]
[Black "Barr, Steven"]
[Result "1/2-1/2"]
[WhiteElo "1997"]
[BlackElo "1712"]
[PlyCount "78"]
[EventDate "2004.07.24"]
[EventType "swiss"]
[EventRounds "10"]
[EventCountry "DEN"]
[SourceDate "2004.01.01"]

1. d4 Nf6 2. Nf3 d5 3. Bg5 Nbd7 4. e3 c5 5. c3 Qc7 6. Nbd2 a6 7. Qa4 e6 8. Bd3
Bd6 9. O-O O-O 10. Rac1 b5 11. Qd1 Bb7 12. Re1 c4 13. Bb1 b4 14. e4 bxc3 15.
Rxc3 Bb4 16. Rc1 Nxe4 17. Bxe4 dxe4 18. Rxc4 Qa5 19. a3 exf3 20. Bf4 Bxd2 21.
Bxd2 Qd5 22. b3 Qf5 23. d5 Bxd5 24. Rf4 Qg6 25. g3 Rfc8 26. Re3 Qc2 27. Qe1
Rab8 28. b4 a5 29. Rd4 axb4 30. axb4 Nb6 31. h3 Ra8 32. Kh2 Ra2 33. g4 Qc7+ 34.
Kg1 Rc2 35. Red3 Qd8 36. Kh2 R2c4 37. Rxc4 Nxc4 38. Bf4 Qf8 39. Bg3 Rb8 1/2-1/2

[Event "26. Copenhagen Open  (Politiken Cup)"]
[Site "Taastrup"]
[Date "2004.07.26"]
[Round "4"]
[White "Fjellheim, Marius"]
[Black "Scherwin, Claes"]
[Result "1-0"]
[WhiteElo "1237"]
[BlackElo "1444"]
[PlyCount "97"]
[EventDate "2004.07.24"]
[EventType "swiss"]
[EventRounds "10"]
[EventCountry "DEN"]
[SourceDate "2004.01.01"]

1. d4 f5 2. Bg5 g6 3. c4 Bg7 4. Nc3 Nf6 5. Qd2 b6 6. Bh6 O-O 7. Bxg7 Kxg7 8.
Nf3 Ba6 9. e3 d5 10. cxd5 Bxf1 11. Rxf1 Nxd5 12. O-O-O Nc6 13. Rfe1 Re8 14. Ng5
e6 15. Nf3 Qf6 16. e4 Nxc3 17. Qxc3 Ne7 18. e5 Qf8 19. Ng5 Qg8 20. h4 h6 21.
Nf3 Rac8 22. Qd2 Nd5 23. h5 Qf7 24. hxg6 Qxg6 25. Rh1 c5 26. Kb1 Nb4 27. Nh4
Qh7 28. Qf4 Red8 29. dxc5 bxc5 30. Rd6 Nd5 31. Qg3+ Kf7 32. Ka1 Rxd6 33. exd6
Rb8 34. Nf3 f4 35. Qh3 Qg7 36. Qh5+ Kg8 37. Qe5 Qxe5 38. Nxe5 Rd8 39. d7 Kg7
40. Rxh6 Nf6 41. Rh1 Nd5 42. Rc1 Kf6 43. Nd3 c4 44. Nc5 Nb6 45. Rd1 Kf5 46. f3
e5 47. Kb1 Kf6 48. Kc2 a5 49. Rd6+ 1-0

[Event "26. Copenhagen Open  (Politiken Cup)"]
[Site "Taastrup"]
[Date "2004.07.26"]
[Round "4"]
[White "Forsaa, Espen"]
[Black "Norton, Craig"]
[Result "0-1"]
[WhiteElo "2027"]
[BlackElo "2108"]
[PlyCount "80"]
[EventDate "2004.07.24"]
[EventType "swiss"]
[EventRounds "10"]
[EventCountry "DEN"]
[SourceDate "2004.01.01"]

1. e4 c5 2. Nf3 g6 3. d4 cxd4 4. Nxd4 Nc6 5. Be3 Bg7 6. Nc3 Nf6 7. Bc4 Qa5 8.
O-O O-O 9. h3 d6 10. Qd2 Nxd4 11. Bxd4 Nxe4 12. Nxe4 Qxd2 13. Nxd2 Bxd4 14. c3
Bg7 15. Rfe1 e6 16. Bb3 d5 17. Nf3 Bd7 18. Ne5 Bxe5 19. Rxe5 Rfc8 20. Rd1 Bb5
21. Rd4 a5 22. a3 Rc7 23. Re3 Ra6 24. Ba4 Rb6 25. Bxb5 Rxb5 26. Rd2 Rbc5 27.
Kf1 Kf8 28. Ke1 Ke7 29. Kd1 b5 30. Rd4 Kd6 31. a4 b4 32. cxb4 Rc1+ 33. Ke2
R7c2+ 34. Rd2 axb4 35. Rf3 f5 36. Rb3 Rc4 37. Rbd3 Ra1 38. b3 Rc3 39. Rb2 e5
40. Kd2 Rcc1 0-1

[Event "26. Copenhagen Open  (Politiken Cup)"]
[Site "Taastrup"]
[Date "2004.07.26"]
[Round "4"]
[White "Forsmann, Henning"]
[Black "Danielsen, Magnus"]
[Result "1/2-1/2"]
[WhiteElo "1641"]
[BlackElo "1928"]
[PlyCount "45"]
[EventDate "2004.07.24"]
[EventType "swiss"]
[EventRounds "10"]
[EventCountry "DEN"]
[SourceDate "2004.01.01"]

1. d4 Nf6 2. c4 e6 3. Nf3 Bb4+ 4. Bd2 Qe7 5. a3 Bxd2+ 6. Qxd2 d6 7. Nc3 Nbd7 8.
e3 e5 9. dxe5 Nxe5 10. Be2 O-O 11. Nd5 Qd8 12. O-O Bf5 13. Rad1 Ne4 14. Qb4
Nxf3+ 15. Bxf3 Nc5 16. Qc3 Re8 17. Nf4 Be4 18. Bxe4 Nxe4 19. Qd4 Qf6 20. Qxf6
Nxf6 21. Nd5 Nxd5 22. Rxd5 b6 23. Rfd1 1/2-1/2

[Event "26. Copenhagen Open  (Politiken Cup)"]
[Site "Taastrup"]
[Date "2004.07.26"]
[Round "4"]
[White "Frank Nielsen, Marie"]
[Black "Asbjornsson, Sverrir"]
[Result "1-0"]
[WhiteElo "1895"]
[BlackElo "1000"]
[PlyCount "47"]
[EventDate "2004.07.24"]
[EventType "swiss"]
[EventRounds "10"]
[EventCountry "DEN"]
[SourceDate "2004.01.01"]

1. e4 c5 2. d4 cxd4 3. c3 dxc3 4. Nxc3 Nc6 5. Bc4 e6 6. Nf3 g6 7. O-O Bg7 8.
Nb5 d5 9. exd5 exd5 10. Bxd5 Nge7 11. Bxc6+ Nxc6 12. Nd6+ Ke7 13. Bf4 Kf8 14.
Ng5 Qf6 15. Re1 Be6 16. Nxe6+ fxe6 17. Bg3 Rd8 18. Qb3 Nd4 19. Qc4 Ke7 20. Be5
Qf8 21. Bxd4 Rxd6 22. Bc5 Kd8 23. Bxd6 Qf5 24. Qc7+ 1-0

[Event "26. Copenhagen Open  (Politiken Cup)"]
[Site "Taastrup"]
[Date "2004.07.26"]
[Round "4"]
[White "Fries Nielsen, Jens Ove"]
[Black "Bleis, Christian"]
[Result "1-0"]
[WhiteElo "2398"]
[BlackElo "2261"]
[PlyCount "59"]
[EventDate "2004.07.24"]
[EventType "swiss"]
[EventRounds "10"]
[EventCountry "DEN"]
[SourceDate "2004.01.01"]

1. d4 f5 2. Nf3 Nf6 3. Bg5 e6 4. g3 Be7 5. Bg2 O-O 6. O-O h6 7. Bxf6 Bxf6 8. c4
d6 9. Nc3 Nc6 10. d5 Ne5 11. Nd4 Nxc4 12. dxe6 c6 13. Nd5 Nb6 14. Nf4 Be5 15.
Ng6 Rf6 16. Nxc6 Qe8 17. Ngxe5 dxe5 18. Nxe5 Bxe6 19. Bxb7 Rd8 20. Qc2 f4 21.
Rad1 Rxd1 22. Rxd1 Qb8 23. Ng6 fxg3 24. hxg3 Bxa2 25. Be4 Bf7 26. Ne7+ Kf8 27.
Nc6 Qc7 28. Qc5+ Kg8 29. Ne7+ Kh8 30. Qxc7 1-0

[Event "26. Copenhagen Open  (Politiken Cup)"]
[Site "Taastrup"]
[Date "2004.07.26"]
[Round "4"]
[White "Gvein, Kenneth"]
[Black "Frisk, Hans"]
[Result "1-0"]
[WhiteElo "2102"]
[BlackElo "1960"]
[PlyCount "77"]
[EventDate "2004.07.24"]
[EventType "swiss"]
[EventRounds "10"]
[EventCountry "DEN"]
[SourceDate "2004.01.01"]

1. c4 e5 2. Nc3 Nf6 3. g3 c6 4. Bg2 d5 5. cxd5 Nxd5 6. a3 Nxc3 7. bxc3 Bc5 8.
Qc2 O-O 9. Nf3 Re8 10. O-O Nd7 11. d4 Bf8 12. Rd1 Qc7 13. e4 b6 14. Be3 Bb7 15.
Bh3 f6 16. Bf1 c5 17. d5 c4 18. Qa4 Rac8 19. Nd2 Nc5 20. Bxc5 Bxc5 21. Qxc4 Qd6
22. Qd3 Bxa3 23. Nc4 Rxc4 24. Qxc4 Bc5 25. Rxa7 Rc8 26. Qb5 Rb8 27. Bh3 Kf7 28.
Bc8 Rxc8 29. Rxb7+ Kg6 30. Qe2 Rc7 31. Qg4+ Kf7 32. Qe6+ Kg6 33. Qxd6 Bxd6 34.
Rxc7 Bxc7 35. d6 Bd8 36. d7 Kf7 37. Kf1 Ke7 38. Ke2 g6 39. Rd3 1-0

[Event "26. Copenhagen Open  (Politiken Cup)"]
[Site "Taastrup"]
[Date "2004.07.26"]
[Round "4"]
[White "Hansen, Erik Friberg"]
[Black "Pedersen, Kaj Vinding"]
[Result "1/2-1/2"]
[WhiteElo "1286"]
[BlackElo "1496"]
[PlyCount "49"]
[EventDate "2004.07.24"]
[EventType "swiss"]
[EventRounds "10"]
[EventCountry "DEN"]
[SourceDate "2004.01.01"]

1. c4 Nf6 2. Nc3 g6 3. g3 Bg7 4. Bg2 c6 5. e4 d6 6. d3 O-O 7. Nge2 e5 8. O-O a5
9. a3 Bg4 10. f3 Qb6+ 11. Kh1 Be6 12. Rb1 c5 13. Be3 Nc6 14. Nd5 Bxd5 15. cxd5
Nd4 16. Bxd4 cxd4 17. Qd2 Rfc8 18. Rbc1 Nd7 19. Rxc8+ Rxc8 20. Bh3 Rc7 21. Bxd7
Rxd7 22. Rc1 Rc7 23. Rxc7 Qxc7 24. Qc1 Qxc1+ 25. Nxc1 1/2-1/2

[Event "26. Copenhagen Open  (Politiken Cup)"]
[Site "Taastrup"]
[Date "2004.07.26"]
[Round "4"]
[White "Hansen, Herluf"]
[Black "Thomsen, Peter"]
[Result "1-0"]
[WhiteElo "2028"]
[BlackElo "1631"]
[PlyCount "55"]
[EventDate "2004.07.24"]
[EventType "swiss"]
[EventRounds "10"]
[EventCountry "DEN"]
[SourceDate "2004.01.01"]

1. e4 c6 2. d4 d5 3. exd5 cxd5 4. c4 Nf6 5. Nc3 e6 6. Nf3 Be7 7. Bd3 Nc6 8. O-O
O-O 9. Re1 Nb4 10. Bb1 dxc4 11. Ne5 Bd7 12. Nxc4 Rc8 13. Ne5 Bc6 14. Re3 Re8
15. Rh3 g6 16. Rg3 Bd6 17. Qb3 Bxe5 18. dxe5 Nfd5 19. a3 Nxc3 20. bxc3 Nd5 21.
Ba2 Nb6 22. Bg5 Ba4 23. Qb4 Qd7 24. Bf6 Nc4 25. Bxc4 a5 26. Bxe6 Rxe6 27. Qh4
Qe8 28. Qxh7+ 1-0

[Event "26. Copenhagen Open  (Politiken Cup)"]
[Site "Taastrup"]
[Date "2004.07.26"]
[Round "4"]
[White "Hansen, John Laurids"]
[Black "Moberg, Jan Rune"]
[Result "0-1"]
[WhiteElo "1688"]
[BlackElo "1525"]
[PlyCount "80"]
[EventDate "2004.07.24"]
[EventType "swiss"]
[EventRounds "10"]
[EventCountry "DEN"]
[SourceDate "2004.01.01"]

1. e4 e5 2. Nf3 d6 3. Bc4 c6 4. Nc3 Be7 5. d4 Nd7 6. Be3 Ngf6 7. Qd2 O-O 8. O-O
b5 9. Bd3 a6 10. Ne2 Qc7 11. c3 Re8 12. Ng3 Bf8 13. Rad1 c5 14. Bc2 Ng4 15. Bg5
f6 16. h3 Nxf2 17. Rxf2 fxg5 18. Nxg5 Nf6 19. Rdf1 h6 20. dxe5 Rxe5 21. Nf3 Re8
22. Nh4 Be6 23. Nhf5 d5 24. exd5 Nxd5 25. Ne2 Rad8 26. Qc1 Qe5 27. Nh4 Bd6 28.
Nf3 Qe3 29. Qb1 Nf4 30. Nxf4 Qxf4 31. Bh7+ Kh8 32. Re1 c4 33. Bg6 Re7 34. Re4
Qg3 35. Rg4 Bxg4 36. hxg4 Bc5 37. Nd4 Qxg4 38. Qf1 Qxg6 39. Rf8+ Rxf8 40. Qxf8+
Kh7 0-1

[Event "26. Copenhagen Open  (Politiken Cup)"]
[Site "Taastrup"]
[Date "2004.07.26"]
[Round "4"]
[White "Hansen, Torbjorn Ringdal"]
[Black "Dignam, Matthew"]
[Result "1/2-1/2"]
[WhiteElo "2346"]
[BlackElo "2144"]
[PlyCount "165"]
[EventDate "2004.07.24"]
[EventType "swiss"]
[EventRounds "10"]
[EventCountry "DEN"]
[SourceDate "2004.01.01"]

1. e4 e6 2. d4 d5 3. Nd2 c5 4. Ngf3 cxd4 5. Nxd4 Nf6 6. e5 Nfd7 7. N2f3 Nc6 8.
Bb5 Nxd4 9. Nxd4 a6 10. Bxd7+ Bxd7 11. O-O Bc5 12. Be3 Qc7 13. f4 O-O 14. Qd2
f6 15. exf6 Rxf6 16. Rf2 Raf8 17. Raf1 e5 18. fxe5 Rxf2 19. Rxf2 Rxf2 20. Bxf2
Qxe5 21. Nf3 Bxf2+ 22. Kxf2 Qd6 23. Qd4 Bb5 24. Qe5 Qxe5 25. Nxe5 Kf8 26. Ke3
Ke7 27. Kd4 Kd6 28. Ng4 Bd7 29. Ne3 Be6 30. h4 h5 31. Nf1 Bg4 32. Ne3 Be6 33.
c3 b6 34. b3 b5 35. b4 g6 36. a3 Bf7 37. Nd1 Be6 38. Ne3 Bf7 39. Nc2 Be6 40.
Na1 Bc8 41. Nb3 Ke6 42. Ke3 Kf5 43. Kf3 Ke5 44. Nd4 Bd7 45. Ke3 Bc8 46. Ne2 Bf5
47. g3 Bg4 48. Nd4 Bc8 49. Nb3 Kf5 50. Nc5 Kg4 51. Kf2 Kf5 52. Kf3 Ke5 53. Nd3+
Kf5 54. Nf4 Bb7 55. Ke3 Ba8 56. Nd3 Kg4 57. Kf2 Bb7 58. Nc5 Bc8 59. Kg2 g5 60.
hxg5 Kxg5 61. Kf3 Bg4+ 62. Ke3 Bc8 63. Nd3 Bf5 64. Nf4 Kg4 65. Ne2 Be4 66. Kf2
Bf5 67. Nd4 Bc8 68. Nc6 Bb7 69. Na5 Bc8 70. Nb3 Bf5 71. Nc5 Bc8 72. Kg2 Kg5 73.
Kf3 Bg4+ 74. Ke3 Bc8 75. Nd3 Bf5 76. Nf4 Kg4 77. Ne2 Be4 78. Kf2 Bf5 79. Nd4
Bd7 80. Nf3 Bc8 81. Ne1 Bf5 82. Ng2 Be4 83. Ne3+ 1/2-1/2

[Event "26. Copenhagen Open  (Politiken Cup)"]
[Site "Taastrup"]
[Date "2004.07.26"]
[Round "4"]
[White "Hartvig, Ove Weiss"]
[Black "Johansen, Paul"]
[Result "1/2-1/2"]
[WhiteElo "2270"]
[BlackElo "2117"]
[PlyCount "49"]
[EventDate "2004.07.24"]
[EventType "swiss"]
[EventRounds "10"]
[EventCountry "DEN"]
[SourceDate "2004.01.01"]

1. e4 e6 2. d4 d5 3. Nc3 Nf6 4. e5 Nfd7 5. Nce2 c5 6. c3 Nc6 7. f4 cxd4 8. cxd4
Bb4+ 9. Kf2 f6 10. Nf3 fxe5 11. fxe5 O-O 12. g3 Ndxe5 13. dxe5 Nxe5 14. Ned4
Bc5 15. Kg2 Nxf3 16. Nxf3 e5 17. Be2 d4 18. Nxe5 d3 19. Nxd3 Qxd3 20. Qxd3 Rf2+
21. Kg1 Rf3+ 22. Be3 Bxe3+ 23. Qxe3 Rxe3 24. Kf2 Re7 25. Bc4+ 1/2-1/2

[Event "26. Copenhagen Open  (Politiken Cup)"]
[Site "Taastrup"]
[Date "2004.07.26"]
[Round "4"]
[White "Hector, Jonny"]
[Black "Romsdal, Trond"]
[Result "1-0"]
[WhiteElo "2515"]
[BlackElo "2212"]
[PlyCount "45"]
[EventDate "2004.07.24"]
[EventType "swiss"]
[EventRounds "10"]
[EventCountry "DEN"]
[SourceDate "2004.01.01"]

1. e4 c5 2. Nf3 d6 3. d4 cxd4 4. Nxd4 Nf6 5. Nc3 a6 6. Bg5 e6 7. f4 Nbd7 8. Qf3
Qc7 9. O-O-O b5 10. Bxf6 gxf6 11. f5 Ne5 12. Qh5 b4 13. Nce2 Ke7 14. Nf4 Qc5
15. Qh3 Nc6 16. Nxc6+ Qxc6 17. fxe6 Qxe4 18. Qh4 Bxe6 19. Bd3 Qe5 20. Kb1 Rc8
21. Rhe1 Qg5 22. Qf2 Bh6 23. Qa7+ 1-0

[Event "26. Copenhagen Open  (Politiken Cup)"]
[Site "Taastrup"]
[Date "2004.07.26"]
[Round "4"]
[White "Henrichsen, Jens"]
[Black "Brorsen, Jacob Abildlund"]
[Result "1-0"]
[WhiteElo "2084"]
[BlackElo "1530"]
[PlyCount "43"]
[EventDate "2004.07.24"]
[EventType "swiss"]
[EventRounds "10"]
[EventCountry "DEN"]
[SourceDate "2004.01.01"]

1. d4 d5 2. c4 e6 3. Nf3 Nf6 4. g3 b6 5. Bg2 Bb7 6. O-O Be7 7. Nc3 O-O 8. Ne5
Nbd7 9. Qa4 Nxe5 10. dxe5 Ne8 11. cxd5 exd5 12. Rd1 c6 13. e4 Nc7 14. exd5 b5
15. Qb3 cxd5 16. Nxd5 Bxd5 17. Bxd5 Qb8 18. Bxa8 Nxa8 19. e6 Nb6 20. exf7+ Rxf7
21. Bf4 Qb7 22. Rac1 1-0

[Event "26. Copenhagen Open  (Politiken Cup)"]
[Site "Taastrup"]
[Date "2004.07.26"]
[Round "4"]
[White "Holm, Sejer"]
[Black "Bogdanov, Dimitri"]
[Result "1-0"]
[WhiteElo "2296"]
[BlackElo "2129"]
[PlyCount "87"]
[EventDate "2004.07.24"]
[EventType "swiss"]
[EventRounds "10"]
[EventCountry "DEN"]
[SourceDate "2004.01.01"]

1. d4 g6 2. c4 Bg7 3. Nc3 d6 4. e4 Nc6 5. Nge2 e5 6. Be3 f5 7. exf5 Bxf5 8. d5
Nce7 9. h3 Nf6 10. g4 Bd7 11. Ng3 O-O 12. Be2 c6 13. g5 Ne8 14. Qb3 cxd5 15.
cxd5 Nf5 16. Nxf5 Bxf5 17. h4 Qd7 18. Rg1 Nc7 19. Rd1 b5 20. Rd2 Rfb8 21. f3 a5
22. Ne4 Ne8 23. Rc2 b4 24. Qd3 a4 25. Rc6 Rc8 26. Rxc8 Rxc8 27. Kf2 Qf7 28. Kg3
Bd7 29. Rd1 Qf5 30. Bf1 Bf8 31. Rd2 Be7 32. Rh2 Qf8 33. h5 Ng7 34. hxg6 Nf5+
35. Kf2 hxg6 36. Kg1 Kg7 37. Bf2 Qd8 38. f4 Nd4 39. Bxd4 Bf5 40. fxe5 Bxg5 41.
e6+ Bf6 42. Nxf6 Bxd3 43. Rh7+ Kf8 44. Rf7# 1-0

[Event "26. Copenhagen Open  (Politiken Cup)"]
[Site "Taastrup"]
[Date "2004.07.26"]
[Round "4"]
[White "Holstein, Erik"]
[Black "Wilsbeck, Jan Borge"]
[Result "1-0"]
[WhiteElo "2103"]
[BlackElo "1973"]
[PlyCount "71"]
[EventDate "2004.07.24"]
[EventType "swiss"]
[EventRounds "10"]
[EventCountry "DEN"]
[SourceDate "2004.01.01"]

1. f4 Nf6 2. Nf3 d6 3. g3 g6 4. Bg2 Bg7 5. O-O O-O 6. Nc3 c6 7. e4 Nbd7 8. h3
Nh5 9. Kh2 e5 10. f5 gxf5 11. exf5 d5 12. d3 Qc7 13. Nh4 Nhf6 14. g4 h6 15. Kh1
Kh7 16. Qe1 Ng8 17. Qg3 Qd8 18. Nf3 f6 19. Bd2 Re8 20. Rae1 b5 21. h4 b4 22.
Nd1 Bf8 23. Rg1 Bc5 24. g5 Bxg1 25. Rxg1 Qe7 26. gxh6 Qf7 27. Bh3 Nxh6 28. Ng5+
fxg5 29. hxg5 Qg7 30. Qh4 e4 31. g6+ Kg8 32. Bxh6 Qh8 33. dxe4 dxe4 34. Ne3 Nf8
35. g7 Qh7 36. gxf8=Q# 1-0

[Event "26. Copenhagen Open  (Politiken Cup)"]
[Site "Taastrup"]
[Date "2004.07.26"]
[Round "4"]
[White "Hyldkrog, Lars"]
[Black "Mossin, Ivar Alexander"]
[Result "1-0"]
[WhiteElo "2080"]
[BlackElo "1000"]
[PlyCount "25"]
[EventDate "2004.07.24"]
[EventType "swiss"]
[EventRounds "10"]
[EventCountry "DEN"]
[SourceDate "2004.01.01"]

1. e4 e6 2. d4 d5 3. e5 c5 4. c3 Ne7 5. Nf3 b6 6. Bd3 Ba6 7. Bxa6 Nxa6 8. Qa4+
Qd7 9. Qxa6 c4 10. b3 b5 11. Ba3 Nc6 12. Bxf8 Rb8 13. Bc5 1-0

[Event "26. Copenhagen Open  (Politiken Cup)"]
[Site "Taastrup"]
[Date "2004.07.26"]
[Round "4"]
[White "Jensen, Alexander Lindberg"]
[Black "Danielsen, Dag"]
[Result "0-1"]
[WhiteElo "1567"]
[BlackElo "1905"]
[PlyCount "82"]
[EventDate "2004.07.24"]
[EventType "swiss"]
[EventRounds "10"]
[EventCountry "DEN"]
[SourceDate "2004.01.01"]

1. d4 Nf6 2. Nf3 e6 3. c4 b6 4. Nc3 Bb7 5. e3 Bb4 6. Bd2 O-O 7. a3 Be7 8. Qc2
d5 9. Be2 Nbd7 10. cxd5 exd5 11. b4 Ne4 12. Nxe4 dxe4 13. Ne5 Nxe5 14. dxe5 Rc8
15. O-O c5 16. bxc5 Rxc5 17. Qb2 Qc7 18. Rac1 a5 19. Rxc5 Bxc5 20. Rc1 Qe7 21.
Rc2 Rd8 22. Bc3 Bc8 23. Bd4 Bxa3 24. Qxb6 Bb4 25. Rc7 Qe8 26. h4 Be6 27. Bb5
Qf8 28. Bc5 Bxc5 29. Rxc5 Rd1+ 30. Kh2 Qd8 31. Qxd8+ Rxd8 32. Ba4 Rd5 33. Rxd5
Bxd5 34. Kg3 Kf8 35. f4 g6 36. Kf2 Ke7 37. g4 Be6 38. Bc2 Bxg4 39. Bxe4 a4 40.
Bb1 a3 41. Ba2 Be6 0-1

[Event "26. Copenhagen Open  (Politiken Cup)"]
[Site "Taastrup"]
[Date "2004.07.26"]
[Round "4"]
[White "Jensen, Brian W"]
[Black "Edvardsson, Hannu Kalervo"]
[Result "1-0"]
[WhiteElo "1623"]
[BlackElo "1289"]
[PlyCount "77"]
[EventDate "2004.07.24"]
[EventType "swiss"]
[EventRounds "10"]
[EventCountry "DEN"]
[SourceDate "2004.01.01"]

1. Nf3 d5 2. d3 e6 3. g3 Nf6 4. Bg2 Be7 5. O-O O-O 6. Nbd2 c6 7. e4 dxe4 8.
Nxe4 Nxe4 9. dxe4 Qxd1 10. Rxd1 Rd8 11. Be3 b5 12. Rxd8+ Bxd8 13. Rd1 Be7 14.
Nd4 Bb7 15. e5 Kf8 16. Nxb5 a6 17. Nc7 a5 18. Nxa8 Bxa8 19. Bb6 Ke8 20. Bxa5
Nd7 21. Bc7 Bb7 22. c3 Nc5 23. b3 Nd7 24. b4 f6 25. f4 f5 26. b5 Bc5+ 27. Kf1
Nb6 28. Bxb6 Bxb6 29. Bxc6+ Bxc6 30. bxc6 Bc7 31. Rd7 Ba5 32. c4 Bb6 33. Rxg7
h5 34. Kg2 Kd8 35. Kh3 Bc5 36. Kh4 Bg1 37. h3 Bc5 38. Rd7+ Kc8 39. Kxh5 1-0

[Event "26. Copenhagen Open  (Politiken Cup)"]
[Site "Taastrup"]
[Date "2004.07.26"]
[Round "4"]
[White "Jensen, Jannick"]
[Black "Refsgaard, Kaj"]
[Result "0-1"]
[WhiteElo "1994"]
[BlackElo "1493"]
[PlyCount "62"]
[EventDate "2004.07.24"]
[EventType "swiss"]
[EventRounds "10"]
[EventCountry "DEN"]
[SourceDate "2004.01.01"]

1. e4 c5 2. Nc3 g6 3. g3 Bg7 4. Bg2 Nc6 5. d3 d6 6. f4 Nf6 7. Nf3 O-O 8. O-O a6
9. Kh1 Bg4 10. h3 Bd7 11. Ne2 Qc8 12. Kh2 Rb8 13. Bd2 b5 14. Nh4 b4 15. f5 Nh5
16. Qc1 Nd4 17. Nxd4 Bxd4 18. Nf3 Bg7 19. g4 Nf6 20. Bh6 Qc7 21. Bxg7 Kxg7 22.
Qf4 e5 23. Qg3 Kh8 24. Qh4 Qd8 25. Ng1 Rg8 26. fxg6 Rxg6 27. g5 Rxg5 28. Kh1
Rg6 29. Rf2 Be6 30. Raf1 Kg7 31. Ne2 Ng4 0-1

[Event "26. Copenhagen Open  (Politiken Cup)"]
[Site "Taastrup"]
[Date "2004.07.26"]
[Round "4"]
[White "Jensen, Leif"]
[Black "Carlstedt, Jonathan"]
[Result "1/2-1/2"]
[WhiteElo "2057"]
[BlackElo "1774"]
[PlyCount "57"]
[EventDate "2004.07.24"]
[EventType "swiss"]
[EventRounds "10"]
[EventCountry "DEN"]
[SourceDate "2004.01.01"]

1. e4 c5 2. g3 Nc6 3. Bg2 e6 4. f4 d5 5. e5 Nge7 6. c3 h5 7. Nf3 Nf5 8. Na3 Qb6
9. Nc2 Bd7 10. d3 Be7 11. Qe2 g6 12. Qf2 Qa5 13. Bd2 Qb5 14. O-O-O a5 15. Bf1
d4 16. Be2 a4 17. Rdf1 Rc8 18. Kb1 Qb6 19. h3 h4 20. gxh4 Nxh4 21. cxd4 Nxf3
22. Bxf3 Nxd4 23. Be4 Ra8 24. Na3 Bb5 25. Rc1 Rd8 26. Be3 Qa6 27. Nxb5 Qxb5 28.
Rc4 a3 29. Bxd4 1/2-1/2

[Event "26. Copenhagen Open  (Politiken Cup)"]
[Site "Taastrup"]
[Date "2004.07.26"]
[Round "4"]
[White "Jensen, Mads"]
[Black "Peschardt, Soren"]
[Result "0-1"]
[WhiteElo "1277"]
[BlackElo "2200"]
[PlyCount "86"]
[EventDate "2004.07.24"]
[EventType "swiss"]
[EventRounds "10"]
[EventCountry "DEN"]
[SourceDate "2004.01.01"]

1. d4 f5 2. c4 Nf6 3. Nc3 e6 4. Bg5 Bb4 5. Nf3 O-O 6. e3 Bxc3+ 7. bxc3 b6 8.
Bd3 h6 9. Bxf6 Qxf6 10. O-O Bb7 11. Qe2 d6 12. e4 Nd7 13. Rfe1 Rae8 14. e5 Bxf3
15. exf6 Bxe2 16. f7+ Rxf7 17. Bxe2 Nf6 18. Bf3 Rfe7 19. Bc6 Rd8 20. d5 e5 21.
f3 g5 22. a4 a5 23. h3 Kf7 24. g3 e4 25. Kf2 h5 26. f4 Rg8 27. Re3 gxf4 28.
gxf4 h4 29. Rg1 Rxg1 30. Kxg1 Nh5 31. Re1 Kf6 32. Rf1 e3 33. Kg2 e2 34. Re1
Nxf4+ 35. Kf3 Ke5 36. c5 Rg7 37. cxb6 cxb6 38. Bb5 Rg3+ 39. Kf2 Rxh3 40. Bxe2
Rh2+ 41. Kf3 Rxe2 42. Rxe2+ Nxe2 43. Kxe2 Kxd5 0-1

[Event "26. Copenhagen Open  (Politiken Cup)"]
[Site "Taastrup"]
[Date "2004.07.26"]
[Round "4"]
[White "Jensen, Paul Johan"]
[Black "Pedersen, Steen Guldager"]
[Result "0-1"]
[WhiteElo "1358"]
[BlackElo "1954"]
[PlyCount "78"]
[EventDate "2004.07.24"]
[EventType "swiss"]
[EventRounds "10"]
[EventCountry "DEN"]
[SourceDate "2004.01.01"]

1. c4 Nf6 2. g3 g6 3. Bg2 Bg7 4. Nc3 O-O 5. e3 d6 6. Nge2 e5 7. O-O Nbd7 8. d4
c6 9. b3 Re8 10. Qd3 Qe7 11. Ba3 Bf8 12. Rad1 e4 13. Qc2 Rb8 14. Rd2 Bg7 15. h3
h5 16. Kh2 Nf8 17. Ng1 Bf5 18. Re2 N8h7 19. Qd1 Qd7 20. d5 c5 21. Bb2 Qd8 22.
Qb1 Nf8 23. Qa1 N8d7 24. Nb5 Qb6 25. f3 exf3 26. Rxf3 Ne5 27. Rf4 a6 28. e4 Bd7
29. Na3 Qd8 30. Re3 b5 31. Nf3 bxc4 32. Nxe5 dxe5 33. Rf2 cxb3 34. Nc4 Qc7 35.
axb3 a5 36. Nxe5 Rxe5 37. Bxe5 Ng4+ 38. hxg4 Bxe5 39. gxh5 Bxa1 0-1